<?xml version="1.0" encoding="UTF-8"?>
<record
    xmlns:xsi="http://www.w3.org/2001/XMLSchema-instance"
    xsi:schemaLocation="http://www.loc.gov/MARC21/slim http://www.loc.gov/standards/marcxml/schema/MARC21slim.xsd"
    xmlns="http://www.loc.gov/MARC21/slim">

  <leader>00772    a2200265   4500</leader>
  <controlfield tag="001">86216</controlfield>
  <controlfield tag="003">NUST</controlfield>
  <controlfield tag="005">20210208101017.0</controlfield>
  <controlfield tag="008">170620b        xxu||||| |||| 00| 0 eng d</controlfield>
  <datafield tag="038" ind1=" " ind2=" ">
    <subfield code="a">Arshad</subfield>
  </datafield>
  <datafield tag="040" ind1=" " ind2=" ">
    <subfield code="c">NUST</subfield>
  </datafield>
  <datafield tag="082" ind1=" " ind2=" ">
    <subfield code="a">891.4398</subfield>
    <subfield code="b">WAS</subfield>
  </datafield>
  <datafield tag="100" ind1=" " ind2=" ">
    <subfield code="a">Wasif Ali Wasif</subfield>
    <subfield code="9">2946</subfield>
  </datafield>
  <datafield tag="245" ind1=" " ind2=" ">
    <subfield code="a">Guftagoo-23</subfield>
    <subfield code="c">Wasif Ali Wasif</subfield>
  </datafield>
  <datafield tag="250" ind1=" " ind2=" ">
    <subfield code="a">1st</subfield>
  </datafield>
  <datafield tag="260" ind1=" " ind2=" ">
    <subfield code="a">Lahore:</subfield>
    <subfield code="b">Kashif Publications</subfield>
    <subfield code="c">2008</subfield>
  </datafield>
  <datafield tag="300" ind1=" " ind2=" ">
    <subfield code="a">244p.</subfield>
  </datafield>
  <datafield tag="500" ind1=" " ind2=" ">
    <subfield code="a">General Collection</subfield>
  </datafield>
  <datafield tag="546" ind1=" " ind2=" ">
    <subfield code="a">In urdu</subfield>
  </datafield>
  <datafield tag="650" ind1=" " ind2=" ">
    <subfield code="a">Urdu Literature</subfield>
    <subfield code="9">347</subfield>
  </datafield>
  <datafield tag="880" ind1=" " ind2=" ">
    <subfield code="6">100-01\(3\r</subfield>
    <subfield code="a">&#x648;&#x627;&#x635;&#x641; &#x639;&#x644;&#x6CC; &#x648;&#x627;&#x635;&#x641;</subfield>
  </datafield>
  <datafield tag="880" ind1=" " ind2=" ">
    <subfield code="6">245-02\(3\r</subfield>
    <subfield code="a">&#x6AF;&#x641;&#x62A;&#x6AF;&#x648; &#x640;23</subfield>
    <subfield code="c">&#x648;&#x627;&#x635;&#x641; &#x639;&#x644;&#x6CC; &#x648;&#x627;&#x635;&#x641;</subfield>
  </datafield>
  <datafield tag="880" ind1=" " ind2=" ">
    <subfield code="6">260-03\(3\r</subfield>
    <subfield code="a">&#x644;&#x627;&#x6C1;&#x648;&#x631; :</subfield>
    <subfield code="b">&#x6A9;&#x627;&#x634;&#x641; &#x67E;&#x628;&#x644;&#x6CC; &#x6A9;&#x6CC;&#x634;&#x646;&#x632;&#x60C;</subfield>
    <subfield code="c">2008</subfield>
  </datafield>
  <datafield tag="942" ind1=" " ind2=" ">
    <subfield code="a">CAE NUST</subfield>
    <subfield code="c">BK</subfield>
    <subfield code="k">808.856 WAS</subfield>
    <subfield code="2">ddc</subfield>
  </datafield>
  <datafield tag="999" ind1=" " ind2=" ">
    <subfield code="c">330674</subfield>
    <subfield code="d">330674</subfield>
  </datafield>
  <datafield tag="952" ind1=" " ind2=" ">
    <subfield code="0">0</subfield>
    <subfield code="1">0</subfield>
    <subfield code="2">ddc</subfield>
    <subfield code="4">0</subfield>
    <subfield code="7">0</subfield>
    <subfield code="a">CL</subfield>
    <subfield code="b">CL</subfield>
    <subfield code="c">FIC</subfield>
    <subfield code="d">2017-07-28</subfield>
    <subfield code="l">2</subfield>
    <subfield code="o">891.4398  WAS</subfield>
    <subfield code="p">CL2697</subfield>
    <subfield code="r">2026-05-12</subfield>
    <subfield code="s">2026-04-15</subfield>
    <subfield code="t">1</subfield>
    <subfield code="w">2017-07-28</subfield>
    <subfield code="y">BK</subfield>
  </datafield>
</record>
